=LDR 00000nam 2200000 4500 =001 INLIS000000000045810 =005 20251223121836 =035 ##$$a 0010-021500000000370 =008 251223###########################0#ind## =020 ##$$a 978-979-010-455-6 =040 ##$$a NBPDMAT =082 ##$$a 028.5 =090 ##$$a 028.5 $b Bun i =100 ##$$a Bunda Nanit =245 1#$$a Iir si Air /$c Bunda Nanit dan Jodhi P. Giriarso =250 ##$$a Cet.1 =260 ##$$a Jakarta :$b Bumi Aksara,$c 2008 =300 ##$$a 32 hlm. : $b ilus. ; $c 19 cm. =650 #4$$a Bacaan kanak - Kanak =850 ##$$a NBPDMAT =084 ##$$a 028.5 BUN i =990 ##$$a 21421762 =990 ##$$a 21421763 =990 ##$$a 21421764 =990 ##$$a 21421765 =990 ##$$a 21421757 =990 ##$$a 21421762 =990 ##$$a 21421763 =990 ##$$a 21421764 =990 ##$$a 21421765 =990 ##$$a 21421757 =990 ##$$a 21421762 =990 ##$$a 21421763 =990 ##$$a 21421764 =990 ##$$a 21421765 =990 ##$$a 21421757